000 00776nam a2200241 a 4500
001 BRL_1631
003 FranzMayer
005 20230918123111.0
008 060116s2009----mx-a######---#000-0#spa-#
040 _cmfm
041 _aspa
044 _amx
050 4 _aML482
_b.R48 2009
100 1 _aReuter, Jas
_925796
245 1 0 _aLos instrumentos musicales en México
_cJas Reuter ; revisión y actualización Marco Buenrostro.
260 _aMéxico
_bFONART Fondo Nacional para el Fomento de las Artesanías
_c2009
300 _a59 p.
_bil.
_c21 cm.
440 0 _aArtesanías tradicionales. Apuntes monográficos
_927490
500 _aUn ejemplar en Anexo 1
650 1 4 _aInstrumentos musicales
_zMéxico
_927491
700 1 _aBuenrostro, Marco
_911025
942 _2lcc
_cB
999 _c10440
_d10440